00568nam a2200157 a 450000100100000000500170001000800410002704000250006808200150009310000230010824500910013126000380022230000200026095201130028099900170039300003423420200930070905.0110928s1881 fr 000 0 fre d aDO-SdBNPbspacBNPHU axxxbL446c1 aLeblois, L.95965510aChristophe Colomb et les conséquences de la Decouverte de L´Amerique /cL. Leblois. aParís :bG. Fischbacher,c1881. a32 p. ;c25 cm. 001050718MOaGRbGRcHDd2011-09-28iLF1l0oxxx L446cp34234-10r2020-06-25w2020-06-25y1ZNo se presta c33725d33725